| Поле | Название | Значение |
| |
Тип записи |
a |
| |
Библиографический уровень |
m |
| 001 |
Контрольный номер |
RU\NLR\BIBL_A\010454034 |
| 005 |
Дата корректировки |
20240202163808.5 |
| 010 |
Индекс ISBN |
__ |
| a |
ISBN |
978-5-94387-956-2 (в обл.) |
| d |
Цена |
388-96 |
| 100 |
Данные общей обработки |
__ |
| a |
Данные общей обработки |
19141024d2014||||||| 0rusy0189 ca |
| 101 |
Язык документа |
0_ |
| a |
Язык текста |
rus |
| 102 |
Страна публикации |
__ |
| a |
Страна публикации |
ru |
| 105 |
Кодированные данные (монография) |
__ |
| a |
Кодированные данные (монография) |
a|||#||||00zy |
| 200 |
Заглавие и сведения об ответственности |
1_ |
| a |
Заглавие |
Excel 2013 |
| e |
Сведения, относящиеся к заглавию |
пошаговый самоучитель + справочник пользователя : [12+] |
| f |
Первые сведения об ответственности |
Серогодский В. В., Дружинин А. Ю., Прокди Р. Г. и др. |
| b |
Общее обозначение материала |
Текст |
| 210 |
Выходные данные |
1_ |
| a |
Место издания |
Санкт-Петербург |
| c |
Издательство |
Наука и техника |
| d |
Дата издания |
2014 |
| 215 |
Физическое описание |
__ |
| a |
Объем |
393 с. |
| c |
Иллюстрации/тип воспроизводства |
ил., табл. |
| d |
Формат |
24 см |
| 225 |
Серия |
2_ |
| a |
Серия |
Серия "Самоучитель" |
| 300 |
Общие примечания |
__ |
| a |
Общие примечания |
На обл. авт.: Серогодский В. В., Прокди Р. Г. |
| 300 |
Общие примечания |
__ |
| a |
Общие примечания |
1000 экз. |
| 330 |
Аннотация |
__ |
| a |
Аннотация |
Эта книга является превосходным самоучителем, позволяющим самостоятельно освоить Excel 2013. Благодаря ей вы научитесь создавать, редактировать и оформлять таблицы в Excel, готовить их к печати, выполнять вычисления, строить графики и диаграммы, а также многому другому. В конце каждого раздела имеется подробный пошаговый пример. Каждое действие в нем сопровождается рисунком - копией окна Excel. Всего в книге около 50 таких примеров. Выполняя их под руководством автора, вы на практике будете закреплять пройденный материал. Таким образом, прочитав данную книгу, вы получите устойчивые навыки работы в Excel. Завершает книгу удобный справочник по функциям Excel, с подробными описаниями и примерами использования. Книга отличается простотой и ясностью изложения материала. Написана авторами на основе многолетнего преподавания на компьютерных курсах. Предназначена самой широкой читательской аудитории. |
| 333 |
Примечание о целевом назначении |
__ |
| a |
Примечание о целевом назначении |
12+. Для детей старше 12 лет |
| 605 |
Заглавие как предмет |
__ |
| a |
Заглавие |
Excel |
| 605 |
Заглавие как предмет |
__ |
| a |
Заглавие |
Microsoft Excel |
| 605 |
Заглавие как предмет |
__ |
| a |
Заглавие |
Excel 2013 |
| 606 |
Тематические рубрики |
__ |
| a |
Основная рубрика |
Вычислительная техника |
| 606 |
Тематические рубрики |
__ |
| a |
Основная рубрика |
Системы обработки численных данных |
| 610 |
Ключевые слова |
0_ |
| a |
Ключевые слова |
базы данных |
| a |
Ключевые слова |
графики |
| a |
Ключевые слова |
диаграммы |
| a |
Ключевые слова |
компьютерные программы |
| a |
Ключевые слова |
листы таблиц |
| a |
Ключевые слова |
оформление таблиц |
| a |
Ключевые слова |
печать электронных таблиц |
| a |
Ключевые слова |
прикладные программы |
| a |
Ключевые слова |
редактирование данных |
| a |
Ключевые слова |
редактирование таблиц |
| a |
Ключевые слова |
рисунки в таблицах |
| a |
Ключевые слова |
создание таблиц |
| a |
Ключевые слова |
форматирование |
| a |
Ключевые слова |
функции Excel |
| a |
Ключевые слова |
электронные таблицы |
| 686 |
Индексы других классификаций |
__ |
| 2 |
Код системы |
rubbks |
| a |
Классификационный индекс |
32.972.131.4я78; ст32.973-018.2я78 |
| 701 |
Альтернативная интеллектуальная ответственность |
_1 |
| a |
Фамилия |
Серогодский |
| b |
Имя |
В. В. |
| 4 |
Код отношения |
070 |
| 701 |
Альтернативная интеллектуальная ответственность |
_1 |
| a |
Фамилия |
Дружинин |
| b |
Имя |
А. Ю. |
| 4 |
Код отношения |
070 |
| 701 |
Альтернативная интеллектуальная ответственность |
_1 |
| a |
Фамилия |
Прокди |
| b |
Имя |
Р. Г. |
| 4 |
Код отношения |
070 |
| 801 |
Источник записи |
_0 |
| a |
Страна |
ru |
| b |
Организация |
Муниципальное бюджетное учреждение культуры "Централизованная библиотечная система" г. Сургут (Центральная городская библиотека им. А. С. Пушкина) |
| c |
Дата составления |
20141024 |
| g |
Правила каталогизации |
КиК/Лукашук |
| 801 |
Источник записи |
_1 |
| a |
Страна |
ru |
| b |
Организация |
Муниципальное бюджетное учреждение культуры "Централизованная библиотечная система" г. Сургут (Центральная городская библиотека им. А. С. Пушкина) |
| c |
Дата составления |
20141024 |
| g |
Правила каталогизации |
КиК/Лукашук |
| 852 |
Данные о местонахождении |
__ |
| j |
Шифр хранения |
32.972.131.4я78 |
| i |
Авторский знак |
Е 45 |
| 901 |
Тип документа |
__ |
| t |
Тип документа |
m |
| 903 |
Характеристики (МАРС) |
__ |
| a |
Дата передачи |
20141024 |
| 969 |
Тип издания |
__ |
| a |
Тип издания |
самоучитель |
| 990 |
Данные о заказе (DOS) |
__ |
| j |
Количество экземпляров (DOS) |
4 |
| t |
N записи в КСУ для И/У (DOS) |
201411 |